Manufacturing Engineering Select Proceedings of CPIE 2018 /

This book presents selected proceedings of the International Conference on Production and Industrial Engineering (CPIE) 2018. Focusing on recent developments in the field of production and manufacturing engineering, it provides solutions to wide-ranging contemporary problems in manufacturing enginee...

Πλήρης περιγραφή

Λεπτομέρειες βιβλιογραφικής εγγραφής
Συγγραφή απο Οργανισμό/Αρχή: SpringerLink (Online service)
Άλλοι συγγραφείς: Sharma, Vishal S. (Επιμελητής έκδοσης, http://id.loc.gov/vocabulary/relators/edt), Dixit, Uday S. (Επιμελητής έκδοσης, http://id.loc.gov/vocabulary/relators/edt), Alba-Baena, Noe (Επιμελητής έκδοσης, http://id.loc.gov/vocabulary/relators/edt)
Μορφή: Ηλεκτρονική πηγή Ηλ. βιβλίο
Γλώσσα:English
Έκδοση: Singapore : Springer Singapore : Imprint: Springer, 2019.
Έκδοση:1st ed. 2019.
Σειρά:Lecture Notes on Multidisciplinary Industrial Engineering,
Θέματα:
Διαθέσιμο Online:Full Text via HEAL-Link
LEADER 04409nam a2200589 4500
001 978-981-13-6287-3
003 DE-He213
005 20191023191750.0
007 cr nn 008mamaa
008 190305s2019 si | s |||| 0|eng d
020 |a 9789811362873  |9 978-981-13-6287-3 
024 7 |a 10.1007/978-981-13-6287-3  |2 doi 
040 |d GrThAP 
050 4 |a TS1-2301 
050 4 |a TS1-2301 
072 7 |a TGP  |2 bicssc 
072 7 |a TEC020000  |2 bisacsh 
072 7 |a TGP  |2 thema 
072 7 |a TGP  |2 thema 
082 0 4 |a 670  |2 23 
082 0 4 |a 670  |2 23 
245 1 0 |a Manufacturing Engineering  |h [electronic resource] :  |b Select Proceedings of CPIE 2018 /  |c edited by Vishal S. Sharma, Uday S. Dixit, Noe Alba-Baena. 
250 |a 1st ed. 2019. 
264 1 |a Singapore :  |b Springer Singapore :  |b Imprint: Springer,  |c 2019. 
300 |a X, 202 p. 146 illus., 129 illus. in color.  |b online resource. 
336 |a text  |b txt  |2 rdacontent 
337 |a computer  |b c  |2 rdamedia 
338 |a online resource  |b cr  |2 rdacarrier 
347 |a text file  |b PDF  |2 rda 
490 1 |a Lecture Notes on Multidisciplinary Industrial Engineering,  |x 2522-5022 
505 0 |a A Variable Viscosity Approach for the Analysis of Static and Dynamic Performance Parameters of Three-Lobe Fluid Film Bering Operating with Tio2 Based Nanolubricant.-Friction stir welding of shipbuilding grade DH36 steel -- Experimental investigation on the effect of cryogenic co2 cooling in end milling of aluminium alloy -- Transient thermal analysis of CO2 laser welding of AISI 304 stainless steel thin plates -- Transient Thermal Analysis On Friction Stir Welding Of AA6061 -- Recycling Of H30 Aluminium Alloy Swarfs Through Gravity Die Casting Process -- Effect on Mechanical and Metallurgical Property of Cryogenic Treated Material SS316 -- Microstructure And Mechanical Properties Of Lamellar TI-6AL-4V Eli Alloy -- Influence Of Process Parameters On Surface Roughness Hole Diameter Error And Burr Height In Drilling Of 304l Stainless Steel -- Investigation Of Impression Creep Deformation Behaviour Of Boron Modified P91 Steel By High End Characterization Techniques -- Tribological and Machining Performance of Graphite, CaF2 and MoS2 Coated Mechanical Micro-Textured Self-Lubricating Cutting Tool -- Chemical Assisted USM Of Acrylic Heat Resistant (BS-476) Glass -- Study Of Temperature Distribution During Fsw Of Aviation Grade AA6082. 
520 |a This book presents selected proceedings of the International Conference on Production and Industrial Engineering (CPIE) 2018. Focusing on recent developments in the field of production and manufacturing engineering, it provides solutions to wide-ranging contemporary problems in manufacturing engineering and other allied areas using analytical models and the latest numerical approaches. The topics covered in this book include conventional and non conventional machining, casting, welding, materials and processing. As such it is useful to academics, researchers and practitioners working in the field of manufacturing and production engineering. 
650 0 |a Manufactures. 
650 0 |a Computer-aided engineering. 
650 0 |a Robotics. 
650 0 |a Automation. 
650 1 4 |a Manufacturing, Machines, Tools, Processes.  |0 http://scigraph.springernature.com/things/product-market-codes/T22050 
650 2 4 |a Manufacturing, Machines, Tools, Processes.  |0 http://scigraph.springernature.com/things/product-market-codes/T22050 
650 2 4 |a Computer-Aided Engineering (CAD, CAE) and Design.  |0 http://scigraph.springernature.com/things/product-market-codes/I23044 
650 2 4 |a Robotics and Automation.  |0 http://scigraph.springernature.com/things/product-market-codes/T19020 
700 1 |a Sharma, Vishal S.  |e editor.  |4 edt  |4 http://id.loc.gov/vocabulary/relators/edt 
700 1 |a Dixit, Uday S.  |e editor.  |4 edt  |4 http://id.loc.gov/vocabulary/relators/edt 
700 1 |a Alba-Baena, Noe.  |e editor.  |4 edt  |4 http://id.loc.gov/vocabulary/relators/edt 
710 2 |a SpringerLink (Online service) 
773 0 |t Springer eBooks 
776 0 8 |i Printed edition:  |z 9789811362866 
776 0 8 |i Printed edition:  |z 9789811362880 
776 0 8 |i Printed edition:  |z 9789811362897 
830 0 |a Lecture Notes on Multidisciplinary Industrial Engineering,  |x 2522-5022 
856 4 0 |u https://doi.org/10.1007/978-981-13-6287-3  |z Full Text via HEAL-Link 
912 |a ZDB-2-ENG 
950 |a Engineering (Springer-11647)